Quiz Cultura Generale - Quiz n°102 - Statistics

Statistiche generali
  • Questo quiz è stato fatto 204 volte
  • Il punteggio medio è 8 su 15
Statistiche sulle risposte
Domanda Risposta % Corretto
Come si chiama il cane domestico di Topolino? Pluto
94%
Di quale stato Nairobi è la capitale? Kenya
91%
In quale città si svolge il "Festival della canzone italiana"? Sanremo
90%
Che colore si ottiene mischiando il rosso e il blu? Viola
85%
A quale stato odierno corrisponde (in linea di massima) la Gallia romana? Francia
78%
Qual è l'ultimo capoluogo di provincia che attraversa il Tevere prima di sfociare in mare? Roma
70%
Correndo per quale scuderia Lewis Hamilton ha vinto il suo primo mondiale di Formula 1? McLaren
63%
Chi ha vinto il campionato mondiale di MotoGP nel 2023? Francesco Bagnaia
61%
Come si traduce in italiano la parola francese "chien"? Cane
51%
Come sono anche chiamati i leucociti? Globuli bianchi
51%
Dove si terranno i Giochi Olimpici estivi del 2028? Los Angeles
44%
Dov'è nato Luigi Pirandello? Agrigento
33%
Quale istmo collega il Peloponneso alla Grecia continentale? Istmo di Corinto
17%
Qual è l'unico unico osso del corpo umano che non si articola con nessun altro? Osso Ioide
10%
Quale regione Pokemon ospita i leggendari Groudon, Kyogre e Rayquaza? Hoenn
8%
Nessun quiz corrispondente trovato
Distribuzione punteggi
Percentuale di utenti per punteggio
Percentile per numero di risposta
I tuoi punteggi nel tempo
Non hai fatto questo quiz